Versions de l'anglès /
Descripción Física:
115 pàg. ; 18 cm
Idioma:
Catalán
MARC
| LEADER | 00000nam a22000007a 4500 | ||
|---|---|---|---|
| 001 | 24734 | ||
| 003 | AGDB | ||
| 005 | 20260324181535.0 | ||
| 008 | 120314s1938 spc 000 0 cat|c | ||
| 035 | |a (ES-BaCBU).b67035954 | ||
| 040 | |a ES-BaCBU |b cat |c ES-BaCBU | ||
| 100 | |a Manent, Marià |d 1898-1988. |9 35112 | ||
| 245 | 1 | 0 | |a Versions de l'anglès / |c Marià Manent |
| 260 | |a Barcelona : |b Edicions de la Residència d'Estudiants, |c 1938. | ||
| 300 | |a 115 pàg. ; |c 18 cm | ||
| 500 | |a Prové del fons Joan Junyer i Pascual (1909-1994) | ||
| 650 | 0 | |a Poesia anglesa |9 72448 |v Antologies | |
| 650 | 0 | |a Fons Joan Junyer i Pascual (1909-1994) |9 72777 | |
| 907 | |a .b67035954 |b 23-01-21 |c 04-05-16 |d 04-05-16 |e m |f a |g - |h cat |i spc |j 0 |k 1 | ||
| 908 | |a ANC | ||
| 942 | |2 udc |c ARXIU |n 1 | ||
| 952 | |0 0 |1 0 |4 0 |6 F50448 |7 1 |9 98438 |a Arxiu |b Arxiu |d 2025-10-10 |l 0 |o F-504-48 |p 24734 |r 2025-10-10 13:14:00 |w 2025-10-10 |y ARXIU | ||
| 999 | |c 130192 |d 130192 | ||